Perfiles de honor: biografía sucinta de cuatro adalidades

Salvato in:
Dettagli Bibliografici
Autore principale: Bustamante A., Eulogio (Autore)
Natura: Libro
Lingua:spagnolo
Pubblicazione: Santiago Manuel A. Araya Villegas 1981
Soggetti:
Tags: Aggiungi Tag
Nessun Tag, puoi essere il primo ad aggiungerne!!

MARC

LEADER 00000nam a2200000 a 4500
001 UCP8326
003 CL-VaPUC
008 000114e19810000CL |||||||||||||||||spa|d
082 0 4 |a 923.5  |b BUS  |2 21 
100 0 |a Bustamante A., Eulogio  |e author  |9 438226 
245 1 0 |a Perfiles de honor: biografía sucinta de cuatro adalidades 
300 |a 305 p 
942 |c BK 
945 |d 20000114 00:00:00  |a rherrera 
260 |a Santiago  |b Manuel A. Araya Villegas  |c 1981 
600 0 |a Pinochet Ugarte, Augusto,  |e 1915-2006  |9 374419 
600 0 7 |a MATTHEI, FERNANDO  |2 CL-VaPUC  |9 438227 
600 0 |a Merino Castro, José Toribio,  |d 1915-1996  |9 378910 
600 0 7 |a MENDOZA DURAN, CESAR  |2 CL-VaPUC  |9 378908 
650 0 |a Biografías  |9 255210 
650 0 |a Militares   |9 336881 
650 7 |a JUNTA DE GOBIERNO  |2 CL-VaPUC  |9 438229 
651 7 |a CHILE  |2 CL-VaPUC  |9 438230 
583 |a last modification  |c 20000114 00:00:00  |k Rodrigo Vera 
999 |c 285258  |d 285256 
952 |0 0  |1 0  |4 0  |6 923_500000000000000_BUS_1981  |7 0  |8 A  |9 329719  |a BIBHIS  |b BIBHIS  |d 2019-11-20  |i 1375571  |o 923.5 BUS 1981  |p 1375571  |r 2025-01-20  |w 2019-11-20  |y BK  |k HIS 
952 |0 0  |1 0  |4 0  |6 923_500000000000000_BUS_1981  |7 0  |8 X  |9 329720  |a FDOBUD  |b FDOBUD  |d 2019-11-20  |i 4624238  |o 923.5 BUS 1981  |p 4624238  |r 2019-11-20  |w 2019-11-20  |y BK_X  |k BUD